| 000 | 01611cam a22004097a 4500 | ||
|---|---|---|---|
| 003 | CHAP | ||
| 005 | 20220329140133.0 | ||
| 008 | 971013c196511960 r 00010 | ||
| 010 | _a47497 | ||
| 011 | _a48469 | ||
| 035 | _a52615 | ||
| 040 | _cCHAP | ||
| 082 |
_a621.3 _bV35Y |
||
| 100 | 0 | 0 |
_aVan Valkenburgh, Nooger and Neville, Inc. New York. _9117817 |
| 245 | 0 | _aElectricidad básica | |
| 260 |
_aMéxico, D.F. : _bCECSA, _c1965 (c.1960) |
||
| 300 |
_a5 v. _b: ilus. |
||
| 590 |
_aBATCH-UPD _b10 _c20130110 _lUCH01 _h0218 |
||
| 590 |
_aBATCH-UPD _b10 _c20130110 _lUCH01 _h1320 |
||
| 590 |
_aBATCH-UPD _b10 _c20130410 _lUCH01 _h1505 |
||
| 590 |
_aBATCH-UPD _b10 _c20130914 _lUCH01 _h1255 |
||
| 590 |
_aCONVERSION _b10 _c20130109 _lUCH01 _h1326 |
||
| 650 | 1 | 4 |
_aElectricidad. _936215 |
| 650 | 1 | 4 |
_aIngeniería eléctrica. _958223 |
| 700 | 0 |
_aMarino, Mario Arnaldo. _971392 |
|
| 901 | _aBK | ||
| 942 | _cLIBRO | ||
| 949 |
_a621.3 V35Y _bBC _cLIBRO _d-117108 _eLIBRO _fv.1 _h18591 _i52615 _si |
||
| 949 |
_a621.3 V35Y _bBC _cLIBRO _d-117110 _eLIBRO _fv.1 c.2 _h18592 _i52615 _si |
||
| 949 |
_a621.3 V35Y _bBC _cLIBRO _d-117111 _eLIBRO _fv.2 _h18593 _i52615 _si |
||
| 949 |
_a621.3 V35Y _bBC _cLIBRO _d-117112 _eLIBRO _fv.2 c.2 _h18594 _i52615 _si |
||
| 949 |
_a621.3 V35Y _bBC _cLIBRO _d-117113 _eLIBRO _fv.3 _h18595 _i52615 _si |
||
| 949 |
_a621.3 V35Y _bBC _cLIBRO _d-117115 _eLIBRO _fv.4 _h18597 _i52615 _si |
||
| 949 |
_a621.3 V35Y _bBC _cLIBRO _d-117116 _eLIBRO _fv.5 _h18598 _i52615 _si |
||
| 949 |
_a621.3 V35Y _bBC _cLIBRO _d-117117 _eLIBRO _fv.5 c.2 _h18599 _i52615 _si |
||
| 949 |
_a621.3 V35Y _bBC _cLIBRO _d33724000015731 _eLIBRO _fv.3 c.2 _h18596 _i52615 _si |
||
| 999 |
_c47497 _d47497 |
||